[Event "NCL967 Richmond-Wessex"]
[Site "Rd4"]
[Date "1996.11.24"]
[Round "4.4"]
[White "Yeo, Michael"]
[Black "Wall, Gavin"]
[Result "1-0"]
[WhiteElo "2205"]
[BlackElo "2305"]
[PlyCount "87"]
[EventDate "1996.11.24"]
[Source "J.Saunders"]
[SourceDate "1998.06.06"]

1. e4 e5 2. Nf3 d6 3. d4 exd4 4. Qxd4 Bd7 5. Bf4 Nc6 6. Qd2 Nf6 7. Nc3 Be7 8.
O-O-O O-O 9. Bd3 Re8 10. Rhe1 Bg4 11. h3 Bxf3 12. gxf3 Ne5 13. Be2 Qc8 14. Rh1
c6 15. Bg5 b5 16. f4 Nc4 17. Bxc4 bxc4 18. e5 dxe5 19. fxe5 Nd5 20. Bxe7 Rxe7
21. Nxd5 cxd5 22. Qxd5 c3 23. bxc3 Rb8 24. Rd3 Qf5 25. Rhd1 h5 26. Qf3 Rxe5 27.
Rd8+ Rxd8 28. Rxd8+ Kh7 29. Qxf5+ Rxf5 30. c4 Kg6 31. Rd5 Rxf2 32. c5 Rf5 33.
Rd6+ Kg5 34. c6 Rc5 35. Kd2 Kf5 36. c4 Rxc4 37. Kd3 Rc1 38. Kd4 g6 39. Kd5 g5
40. Rd7 Rd1+ 41. Kc5 Rc1+ 42. Kd6 Kf4 43. Rxf7+ Kg3 44. Rf5 1-0

[Event "NCL967 Richmond-Wessex"]
[Site "Rd4"]
[Date "1996.11.24"]
[Round "4.5"]
[White "Johnstone, Paul E"]
[Black "Upton, Ian"]
[Result "1/2-1/2"]
[WhiteElo "2295"]
[BlackElo "2235"]
[PlyCount "49"]
[EventDate "1996.11.24"]
[Source "J.Saunders"]
[SourceDate "1998.06.06"]

1. c4 f5 2. e4 fxe4 3. d3 Nf6 4. dxe4 e5 5. Be3 Bb4+ 6. Nd2 d6 7. Ngf3 Nxe4 8.
Bd3 Nxd2 9. Nxd2 Qh4 10. O-O Bxd2 11. Qxd2 O-O 12. f4 Nc6 13. fxe5 Rxf1+ 14.
Bxf1 Nxe5 15. Qd5+ Nf7 16. g3 Qe7 17. Bd4 c6 18. Qa5 Be6 19. Re1 Ng5 20. Bg2 c5
21. Be3 Nf7 22. Bf4 Qd7 23. b3 b6 24. Qd2 Rd8 25. Bd5 1/2-1/2

[Event "NCL967 Richmond-Wessex"]
[Site "Rd4"]
[Date "1996.??.??"]
[Round "4.6"]
[White "Brameld, Arthur"]
[Black "Franklin, Michael"]
[Result "0-1"]
[WhiteElo "2199"]
[BlackElo "2255"]
[PlyCount "110"]
[EventDate "1996.11.24"]
[Source "J.Saunders"]
[SourceDate "1998.06.06"]

1. e4 c5 2. Nf3 a6 3. c4 d6 4. d4 Nd7 5. Nc3 e6 6. Be2 b6 7. O-O Ne7 8. Re1 Ng6
9. Be3 Be7 10. Qc2 O-O 11. Rac1 Qc7 12. b3 Bb7 13. d5 e5 14. g3 Rae8 15. h4 Nf6
16. Nh2 Bc8 17. h5 Nh8 18. h6 g6 19. g4 Rd8 20. f3 Ne8 21. Bd3 Bh4 22. Re2 Qe7
23. Qd2 Bd7 24. Rg2 Nc7 25. Kh1 f6 26. Rcg1 Nf7 27. Ne2 Bg5 28. Nf1 Nxh6 29.
Bxg5 fxg5 30. Rh2 Nf7 31. Rg3 Kg7 32. Rgh3 Rh8 33. Ne3 Ne8 34. Ng3 Nf6 35. Qg2
Rdg8 36. Kg1 Qd8 37. Kf1 Qc8 38. Ne2 h5 39. Rg3 hxg4 40. Rxh8 Rxh8 41. fxg4 Rh4
42. Nc3 Nh6 43. Be2 Nhxg4 44. Bxg4 Nxg4 45. Nxg4 Bxg4 46. Ke1 Bh3 47. Qe2 Bd7
48. Qf2 g4 49. Rg1 Rh3 50. Ne2 Qd8 51. Ng3 Qg5 52. Kd1 Qf4 53. Qg2 b5 54. Nf5+
Bxf5 55. exf5 Rh2 0-1

[Event "NCL967 Richmond-Wessex"]
[Site "Rd4"]
[Date "1996.11.24"]
[Round "4.7"]
[White "Galloway, Iain"]
[Black "Noyce, Robert"]
[Result "0-1"]
[WhiteElo "2135"]
[BlackElo "2205"]
[PlyCount "100"]
[EventDate "1996.11.24"]
[Source "J.Saunders"]
[SourceDate "1998.06.06"]

1. e4 d5 2. e5 Bf5 3. f4 e6 4. Nf3 c5 5. Be2 Nc6 6. d3 Qb6 7. c3 Be7 8. Nbd2
Nh6 9. Qb3 Qa6 10. O-O O-O-O 11. Ne1 f6 12. exf6 Bxf6 13. Ndf3 Rhe8 14. Qd1 d4
15. c4 Bg6 16. Ng5 Bxg5 17. fxg5 Nf7 18. Bh5 Nd6 19. Bxg6 hxg6 20. Bf4 e5 21.
Bg3 Nf5 22. Qg4 Rd7 23. Nc2 e4 24. dxe4 Nxg3 25. Qxg3 Qxc4 26. Na3 Qe6 27. Rac1
b6 28. Rfd1 Qe5 29. Qd3 Nb4 30. Qb5 Kd8 31. Nc4 Qxe4 32. Re1 Qxe1+ 33. Rxe1
Rxe1+ 34. Kf2 Re8 35. h3 d3 36. Qa4 d2 37. Nxd2 Rxd2+ 38. Kg3 Ree2 39. Qxa7
Rxg2+ 40. Kf3 Rgf2+ 41. Kg3 Rg2+ 42. Kf3 Nd5 43. Qa8+ Ke7 44. Qg8 Rgf2+ 45. Kg3
Rfe2 46. Qxg7+ Kd8 47. Qf8+ Kc7 48. Qf7+ Re7 49. Qxg6 Re3+ 50. Kg4 Rd4+ 0-1

[Event "NCL967 Richmond-Wessex"]
[Site "Rd4"]
[Date "1996.11.24"]
[Round "4.8"]
[White "Howard, Emily"]
[Black "Bates, Ruth"]
[Result "0-1"]
[WhiteElo "1904"]
[BlackElo "1880"]
[PlyCount "94"]
[EventDate "1996.11.24"]
[Source "J.Saunders"]
[SourceDate "1998.06.06"]

1. e4 g6 2. d4 Bg7 3. Nc3 c6 4. Bc4 e6 5. Nf3 d6 6. Be3 Nf6 7. Bb3 O-O 8. Bg5
Qa5 9. O-O Nbd7 10. Qd2 Qc7 11. Rad1 a6 12. d5 cxd5 13. exd5 e5 14. Bh6 Nc5 15.
Rfe1 Bg4 16. Bxg7 Kxg7 17. h3 Bxf3 18. gxf3 Qd7 19. Kh2 Nxb3 20. axb3 Nh5 21.
Ne2 Rac8 22. c4 h6 23. Rg1 Kh7 24. Rg2 f5 25. Rdg1 Rf6 26. f4 Nxf4 27. Nxf4
exf4 28. Qxf4 g5 29. Qd4 Rg6 30. f3 Qe7 31. Rf2 Re8 32. Rd2 g4 33. fxg4 fxg4
34. Rdg2 Reg8 35. Qd3 Qe5+ 36. Qg3 Qxg3+ 37. Rxg3 gxh3 38. Kxh3 Rxg3+ 39. Rxg3
Rxg3+ 40. Kxg3 Kg7 41. Kf4 b6 42. b4 Kf6 43. b3 h5 44. Kg3 Ke5 45. Kh4 Kd4 46.
Kxh5 b5 47. c5 Kxd5 0-1

[Event "NCL967 Hertford-Witney"]
[Site "Rd4"]
[Date "1996.11.24"]
[Round "4.1"]
[White "Duncan, Chris"]
[Black "Ansell, Simon"]
[Result "1/2-1/2"]
[WhiteElo "2340"]
[BlackElo "2420"]
[PlyCount "65"]
[EventDate "1996.11.24"]
[Source "J.Saunders"]
[SourceDate "1998.06.06"]

1. c4 c5 2. Nf3 Nc6 3. Nc3 g6 4. e3 Bg7 5. d4 Nf6 6. d5 Nb8 7. e4 d6 8. h3 O-O
9. Bd3 Na6 10. Bg5 Nc7 11. O-O a6 12. a4 Rb8 13. a5 b5 14. axb6 Rxb6 15. Qc2 h6
16. Bd2 Kh7 17. Rab1 Bd7 18. Rfe1 Be8 19. Ne2 Nd7 20. h4 h5 21. Ba5 Rb7 22.
Ng5+ Kg8 23. f4 Qc8 24. g3 Nf6 25. Bc3 Ng4 26. Bxg7 Kxg7 27. e5 f6 28. exf6+
exf6 29. Nf3 Ne3 30. Qd2 Nf5 31. Kg2 Bd7 32. Nc3 Rf7 33. Re2 1/2-1/2

[Event "NCL967 Hertford-Witney"]
[Site "Rd4"]
[Date "1996.11.24"]
[Round "4.2"]
[White "Taulbut, Shaun"]
[Black "Knott, Simon"]
[Result "1/2-1/2"]
[WhiteElo "2400"]
[BlackElo "2335"]
[PlyCount "31"]
[EventDate "1996.11.24"]
[Source "J.Saunders"]
[SourceDate "1998.06.06"]

1. e4 e6 2. d4 d5 3. Nc3 Bb4 4. Nge2 dxe4 5. a3 Bxc3+ 6. Nxc3 Nc6 7. Bb5 Nge7
8. Nxe4 a6 9. Bxc6+ Nxc6 10. c3 O-O 11. O-O e5 12. dxe5 Qh4 13. f3 Nxe5 14. Bg5
Qh5 15. Qd5 Nc6 16. Rad1 1/2-1/2

[Event "NCL967 Hertford-Witney"]
[Site "Rd4"]
[Date "1996.11.24"]
[Round "4.3"]
[White "Coleman, David"]
[Black "Cobb, James"]
[Result "0-1"]
[WhiteElo "2280"]
[BlackElo "2260"]
[PlyCount "92"]
[EventDate "1996.11.24"]
[Source "J.Saunders"]
[SourceDate "1998.06.06"]

1. e4 e5 2. Nf3 Nc6 3. Bc4 Nf6 4. d4 exd4 5. e5 d5 6. Bb5 Ne4 7. Nxd4 Bc5 8.
Be3 Bd7 9. Bxc6 bxc6 10. Nd2 Nxd2 11. Qxd2 Bb6 12. Nb3 O-O 13. O-O f6 14. c4
dxc4 15. Nc5 Bf5 16. Qc3 fxe5 17. Qxc4+ Qd5 18. Qc3 Rad8 19. b4 Rd6 20. f3 Re8
21. Rf2 Qf7 22. Re1 Rd5 23. Rfe2 Qg6 24. Bf2 Qd6 25. g4 Bd3 26. Re3 Bg6 27.
R3e2 h5 28. f4 hxg4 29. Rxe5 Rdxe5 30. fxe5 Qd5 31. a4 Bf7 32. a5 Bxc5 33. Qxc5
Qf3 34. Qe3 a6 35. Bg3 Bd5 36. Qxf3 gxf3 37. Kf2 Re6 38. Rc1 Kf7 39. Rc3 Re8
40. Rc1 Ke6 41. Ke3 Rb8 42. Be1 Kxe5 43. Bc3+ Kf5 44. h4 Re8+ 45. Kd3 Re4 46.
Bxg7 f2 0-1

[Event "NCL967 Hertford-Witney"]
[Site "Rd4"]
[Date "1996.11.24"]
[Round "4.4"]
[White "Cobb, Charles"]
[Black "Hanreck, Alan"]
[Result "1/2-1/2"]
[WhiteElo "2260"]
[BlackElo "2275"]
[PlyCount "61"]
[EventDate "1996.11.24"]
[Source "J.Saunders"]
[SourceDate "1998.06.06"]

1. d4 Nf6 2. Nf3 e6 3. g3 c5 4. Bg2 cxd4 5. Nxd4 a6 6. O-O Qc7 7. e4 Nc6 8. c4
Nxd4 9. Qxd4 Bc5 10. Qc3 Qb6 11. Nd2 a5 12. Nb3 Bb4 13. Qf3 e5 14. Be3 Qc7 15.
Bh6 O-O 16. Bg5 Be7 17. Rac1 d6 18. Nd2 Be6 19. Nb1 Rfc8 20. b3 a4 21. Nc3 axb3
22. axb3 Qb6 23. Na4 Qb4 24. Qc3 Qxc3 25. Nxc3 Ra3 26. Rb1 Bxc4 27. bxc4 Rxc3
28. Rxb7 h6 29. Bxf6 Bxf6 30. Rd7 R8xc4 31. Rxd6 1/2-1/2

[Event "NCL967 Hertford-Witney"]
[Site "Rd4"]
[Date "1996.11.24"]
[Round "4.5"]
[White "Dearing, Eddie"]
[Black "Truran, Michael"]
[Result "1/2-1/2"]
[WhiteElo "2185"]
[BlackElo "2255"]
[PlyCount "88"]
[EventDate "1996.11.24"]
[Source "J.Saunders"]
[SourceDate "1998.06.06"]

1. d4 d5 2. c4 dxc4 3. e3 Nf6 4. Bxc4 e6 5. Nf3 a6 6. Qe2 c5 7. dxc5 Bxc5 8.
O-O b5 9. Bd3 Nbd7 10. a4 b4 11. e4 Bb7 12. Bg5 h6 13. Bh4 O-O 14. Nbd2 e5 15.
Rac1 Bb6 16. Rfd1 Re8 17. Nc4 Re6 18. Bb1 Qe7 19. Rd2 Nc5 20. Nxb6 Rxb6 21. Qe3
Rc8 22. Rdc2 Rbc6 23. Bxf6 gxf6 24. Nh4 Qf8 25. a5 Ne6 26. Nf5 Rxc2 27. Rxc2
Rxc2 28. Bxc2 Kh7 29. Bb3 Bc8 30. Qa7 Kh8 31. Bd5 Nf4 32. Ne3 Kg7 33. Qc7 Be6
34. g3 Ne2+ 35. Kf1 Nd4 36. Bxe6 Nxe6 37. Nf5+ Kg6 38. Qc1 Nd4 39. Ne3 h5 40.
Nd5 b3 41. Qc7 Qe8 42. Kg2 Kg7 43. Ne7 Kf8 44. Nd5 Kg7 1/2-1/2

[Event "NCL967 Hertford-Witney"]
[Site "Rd4"]
[Date "1996.11.24"]
[Round "4.6"]
[White "Headlong, Tim"]
[Black "Thethi, Pritpal"]
[Result "1-0"]
[WhiteElo "2250"]
[BlackElo "2000"]
[PlyCount "65"]
[EventDate "1996.11.24"]
[Source "J.Saunders"]
[SourceDate "1998.06.06"]

1. Nf3 Nf6 2. c4 c5 3. Nc3 e6 4. g3 b6 5. Bg2 Bb7 6. O-O Be7 7. d4 cxd4 8. Qxd4
O-O 9. e4 d6 10. Rd1 Nbd7 11. b3 a6 12. Ba3 Nc5 13. e5 dxe5 14. Qxd8 Rfxd8 15.
Nxe5 Bxg2 16. Kxg2 Rxd1 17. Rxd1 Rc8 18. Na4 Nxa4 19. Bxe7 Nc5 20. Bxc5 bxc5
21. Rd6 Ra8 22. Nd3 Ne4 23. Rc6 Nc3 24. Nxc5 a5 25. a3 Nb1 26. a4 Kf8 27. Rc7
g6 28. Rb7 Nc3 29. Nd7+ Kg7 30. Ne5 Rf8 31. Kf3 Kg8 32. Ke3 f6 33. Nc6 1-0

[Event "NCL967 Hertford-Witney"]
[Site "Rd4"]
[Date "1996.11.24"]
[Round "4.7"]
[White "Denton, John"]
[Black "Haydon, Richard"]
[Result "0-1"]
[WhiteElo "2008"]
[BlackElo "2220"]
[PlyCount "70"]
[EventDate "1996.11.24"]
[Source "J.Saunders"]
[SourceDate "1998.06.06"]

1. d4 d6 2. Nf3 Bg4 3. Bf4 Nd7 4. Nbd2 Ngf6 5. h3 Bh5 6. c3 e6 7. Qb3 Qc8 8. e4
Be7 9. Bd3 O-O 10. O-O Re8 11. Be3 Nf8 12. g4 Bg6 13. Nh4 e5 14. Nf5 Ne6 15. f4
Nxf4 16. Bxf4 exf4 17. Bc4 c6 18. e5 dxe5 19. Rae1 b5 20. Bd3 Nd7 21. Rxf4 Nc5
22. Nxe7+ Rxe7 23. dxc5 Bxd3 24. Rf3 Bg6 25. Rfe3 Qc7 26. Nf3 Rae8 27. Nh4 e4
28. Qd1 Rd8 29. Qe2 Red7 30. Nxg6 hxg6 31. Qg2 Rd2 32. R3e2 Rxe2 33. Qxe2 Qg3+
34. Kh1 Qxh3+ 35. Kg1 Rd3 0-1

[Event "NCL967 Celtic-Knights-Wood Gre"]
[Site "Rd4"]
[Date "1996.11.24"]
[Round "4.1"]
[White "Williams, Leighton"]
[Black "Emms, John"]
[Result "0-1"]
[WhiteElo "2135"]
[BlackElo "2500"]
[PlyCount "80"]
[EventDate "1996.11.24"]
[Source "J.Saunders"]
[SourceDate "1998.06.06"]

1. d4 Nf6 2. c4 e6 3. Nc3 Bb4 4. Qc2 d5 5. cxd5 exd5 6. Bg5 c5 7. dxc5 h6 8.
Bh4 g5 9. Bg3 Ne4 10. e3 Qa5 11. Be5 O-O 12. Bd3 Nc6 13. Bxe4 Nxe5 14. Bxd5 Bg4
15. Nf3 Bxf3 16. Bxf3 Nxf3+ 17. gxf3 Rac8 18. O-O Rxc5 19. Rad1 Bxc3 20. bxc3
Rxc3 21. Qe4 Qc7 22. Qf5 Rc5 23. Qh3 Qc6 24. Rd4 Re8 25. Rfd1 Re6 26. Qg4 Kh7
27. Kg2 Kg7 28. Rd7 Rf6 29. Qe4 Qxe4 30. fxe4 Rc2 31. R1d2 Rxd2 32. Rxd2 Ra6
33. Kf3 Ra4 34. Rb2 b6 35. e5 Kg6 36. Kg3 Kf5 37. f4 gxf4+ 38. exf4 Rxf4 39. e6
fxe6 40. Rb5+ e5 0-1

[Event "NCL967 Celtic-Knights-Wood Gre"]
[Site "Rd4"]
[Date "1996.11.24"]
[Round "4.3"]
[White "Gilbert, Jonathan"]
[Black "Law, Andrew"]
[Result "1/2-1/2"]
[WhiteElo "2150"]
[BlackElo "2370"]
[PlyCount "50"]
[EventDate "1996.11.24"]
[Source "J.Saunders"]
[SourceDate "1998.06.06"]

1. d4 d5 2. c4 dxc4 3. Nf3 Nf6 4. Nc3 a6 5. a4 Nc6 6. e4 Bg4 7. Be3 Bxf3 8.
gxf3 e5 9. d5 Na5 10. Qc2 Bd6 11. Rg1 Nh5 12. Rg4 O-O 13. Be2 Nf4 14. Kf1 Qd7
15. Bxf4 exf4 16. Na2 Nb3 17. Rd1 b5 18. Kg1 Rae8 19. Kh1 g6 20. axb5 axb5 21.
Nc3 Nc5 22. Rdg1 Be5 23. d6 cxd6 24. Nd5 Kh8 25. Nxf4 Ne6 1/2-1/2

[Event "NCL967 Celtic-Knights-Wood Gre"]
[Site "Rd4"]
[Date "1996.11.24"]
[Round "4.4"]
[White "Sowray, Peter"]
[Black "Musson, Adam"]
[Result "1-0"]
[WhiteElo "2350"]
[BlackElo "2090"]
[PlyCount "103"]
[EventDate "1996.11.24"]
[Source "J.Saunders"]
[SourceDate "1998.06.06"]

1. e4 c5 2. c3 d5 3. exd5 Qxd5 4. d4 Nf6 5. Nf3 Bg4 6. Nbd2 e6 7. Bc4 Qc6 8.
O-O Bd6 9. Qb3 O-O 10. Ne5 Qc7 11. Nxg4 Nxg4 12. h3 Nf6 13. Nf3 Nc6 14. dxc5
Bxc5 15. Bd3 e5 16. Qc2 h6 17. Re1 Rad8 18. Be3 Rxd3 19. Bxc5 Rfd8 20. Rad1 e4
21. Rxd3 Rxd3 22. Nd2 Rd5 23. Nxe4 Nxe4 24. Rxe4 Qd7 25. Be3 f5 26. Rc4 Qd6 27.
Kf1 g5 28. a4 f4 29. Bd4 Nxd4 30. cxd4 Rxd4 31. Rxd4 Qxd4 32. Qc8+ Kg7 33.
Qxb7+ Kg6 34. Qc6+ Kf7 35. Qc7+ Kg6 36. Qc2+ Kf7 37. Kg1 Qe5 38. Qh7+ Ke8 39.
Qxa7 Qxb2 40. a5 Qa1+ 41. Kh2 Qe5 42. a6 h5 43. Qa8+ Kf7 44. Qb7+ Kf6 45. a7 g4
46. hxg4 hxg4 47. g3 Qd4 48. a8=Q Qxf2+ 49. Qg2 fxg3+ 50. Kh1 Qe1+ 51. Qg1 g2+
52. Kxg2 1-0

[Event "NCL967 Celtic-Knights-Wood Gre"]
[Site "Rd4"]
[Date "1996.11.24"]
[Round "4.5"]
[White "Sheehan, Anthony"]
[Black "Lee, Graham"]
[Result "1/2-1/2"]
[WhiteElo "2100"]
[BlackElo "2375"]
[PlyCount "78"]
[EventDate "1996.11.24"]
[Source "J.Saunders"]
[SourceDate "1998.06.06"]

1. e4 c6 2. d4 d5 3. e5 Bf5 4. Nc3 e6 5. g4 Bg6 6. h4 h5 7. g5 Bb4 8. Bd3 Bxd3
9. Qxd3 Ne7 10. Nge2 g6 11. Bd2 Nd7 12. O-O-O Rc8 13. Kb1 Bxc3 14. Bxc3 Qb6 15.
Rh3 c5 16. f4 c4 17. Qd2 Nc6 18. f5 gxf5 19. Nf4 Nf8 20. Qe2 Ng6 21. Nxh5 Ke7
22. Rh2 Qc7 23. Be1 b5 24. Nf6 Qb6 25. h5 Nxd4 26. Rxd4 Qxd4 27. Bb4+ Kd8 28.
Ba5+ Ke7 29. Bb4+ Kd8 30. Ba5+ Rc7 31. c3 Qg1+ 32. Kc2 Kc8 33. Bxc7 Kxc7 34.
Rg2 Qa1 35. Qf2 Kb7 36. Qc5 Nxe5 37. Qxb5+ Kc7 38. Qa5+ Kb7 39. Qb5+ Kc7
1/2-1/2

[Event "NCL967 Celtic-Knights-Wood Gre"]
[Site "Rd4"]
[Date "1996.11.24"]
[Round "4.6"]
[White "Conlon, Joseph P"]
[Black "Hill, David F"]
[Result "1/2-1/2"]
[WhiteElo "2125"]
[BlackElo "1960"]
[PlyCount "47"]
[EventDate "1996.11.24"]
[Source "J.Saunders"]
[SourceDate "1998.06.06"]

1. e4 Nf6 2. e5 Nd5 3. d4 d6 4. c4 Nb6 5. exd6 cxd6 6. Bd3 g6 7. Ne2 Bg7 8.
Nbc3 O-O 9. Be3 Nc6 10. a3 e5 11. d5 Ne7 12. O-O f5 13. f3 Kh8 14. b4 Nd7 15.
Qb3 Nf6 16. Rad1 b6 17. c5 f4 18. Bf2 g5 19. cxd6 Nf5 20. Nb5 Nxd6 21. Nxd6
Qxd6 22. Nc3 g4 23. Nb5 Qd8 24. Bh4 1/2-1/2

[Event "NCL967 Celtic-Knights-Wood Gre"]
[Site "Rd4"]
[Date "1996.11.24"]
[Round "4.7"]
[White "Sinnett, Glyn"]
[Black "Jackson, Sheila"]
[Result "1/2-1/2"]
[WhiteElo "2010"]
[BlackElo "2150"]
[PlyCount "30"]
[EventDate "1996.11.24"]
[Source "J.Saunders"]
[SourceDate "1998.06.06"]

1. e4 e5 2. Nf3 Nc6 3. d4 exd4 4. Bc4 Nf6 5. O-O Nxe4 6. Re1 d5 7. Bxd5 Qxd5 8.
Nc3 Qa5 9. Nxe4 Be6 10. Neg5 O-O-O 11. Nxe6 fxe6 12. Rxe6 h6 13. Qe2 Bd6 14.
Bd2 Qf5 15. Qe4 Qxe4 1/2-1/2

[Event "NCL967 Invicta Kts-SW Dragons"]
[Site "Rd4"]
[Date "1996.11.24"]
[Round "4.1"]
[White "Ward, Chris"]
[Black "Cummings, David"]
[Result "1-0"]
[WhiteElo "2460"]
[BlackElo "2360"]
[PlyCount "107"]
[EventDate "1996.11.24"]
[Source "J.Saunders"]
[SourceDate "1998.06.06"]

1. c4 c5 2. Nf3 Nf6 3. Nc3 e6 4. d4 cxd4 5. Nxd4 Nc6 6. Bg5 Bc5 7. e3 Qb6 8.
Bxf6 gxf6 9. Nb3 Bb4 10. Rc1 d6 11. a3 Bxc3+ 12. Rxc3 Ke7 13. Be2 Qc7 14. O-O
b6 15. f4 Bb7 16. Bf3 Rhg8 17. Rf2 Rad8 18. Nd4 Rg7 19. b4 Nxd4 20. exd4 Bxf3
21. Qxf3 Kf8 22. h3 f5 23. Rfc2 Rg6 24. c5 dxc5 25. dxc5 e5 26. fxe5 Qxe5 27.
c6 Rgd6 28. Rc1 Rc8 29. c7 Qe4 30. Qg3 Rg6 31. Qf2 Rd6 32. Rc4 Qd5 33. Qf4 Rg6
34. R1c2 Qd1+ 35. Kh2 Qd6 36. Qxd6+ Rxd6 37. R2c3 Ke7 38. Kg3 Kd7 39. Kf4 Rd5
40. Rc6 b5 41. R6c5 Rd2 42. Rc2 Rd3 43. Kxf5 a6 44. Kf6 Ke8 45. Re2+ Kf8 46.
Rc6 Rg3 47. Rec2 Rxa3 48. Rd6 Re3 49. Rxa6 Re4 50. Rb6 Ke8 51. Rxb5 Re6+ 52.
Kf5 Kd7 53. Rd5+ Ke7 54. Re5 1-0

[Event "NCL967 Invicta Kts-SW Dragons"]
[Site "Rd4"]
[Date "1996.11.24"]
[Round "4.2"]
[White "Cooper, John"]
[Black "McDonald, Neil"]
[Result "0-1"]
[WhiteElo "2370"]
[BlackElo "2500"]
[PlyCount "98"]
[EventDate "1996.11.24"]
[Source "J.Saunders"]
[SourceDate "1998.06.06"]

1. d4 f5 2. g3 Nf6 3. Bg2 g6 4. c4 Bg7 5. Nc3 d6 6. Nf3 O-O 7. O-O c6 8. b3 Kh8
9. Bb2 d5 10. Qc2 Be6 11. Na4 Nbd7 12. Rad1 Qe8 13. e3 dxc4 14. bxc4 b5 15. d5
cxd5 16. Nd4 Bg8 17. Nxb5 Rc8 18. Nxa7 Rxc4 19. Qb3 Qa8 20. Qxc4 dxc4 21. Bxa8
Rxa8 22. Nc6 Rxa4 23. Bxf6 Nxf6 24. Rd8 h5 25. Nxe7 Kh7 26. Nxg8 Nxg8 27. Rb1
Ra7 28. Rc8 c3 29. a4 Ne7 30. Rc4 Kg8 31. Rb6 Kf7 32. Kf1 Be5 33. Ke2 g5 34. f4
gxf4 35. gxf4 Bf6 36. Kf3 h4 37. Rb5 Rd7 38. a5 Rd2 39. a6 Ra2 40. Rb6 Rxh2 41.
Ra4 c2 42. Rc4 h3 43. Kg3 Re2 44. a7 Rxe3+ 45. Kh2 Bc3 46. a8=Q Re2+ 47. Kxh3
c1=Q 48. Rf6+ Kxf6 49. Qh8+ Ke6 0-1

[Event "NCL967 Invicta Kts-SW Dragons"]
[Site "Rd4"]
[Date "1996.11.24"]
[Round "4.3"]
[White "Berend Sakhatova, Elvira"]
[Black "Zeidler, Sven"]
[Result "1-0"]
[WhiteElo "2325"]
[BlackElo "2265"]
[PlyCount "103"]
[EventDate "1996.11.24"]
[Source "J.Saunders"]
[SourceDate "1998.06.06"]

1. e4 d5 2. exd5 Qxd5 3. Nc3 Qa5 4. d4 Nf6 5. Nf3 Bg4 6. h3 Bh5 7. g4 Bg6 8.
Ne5 e6 9. h4 Nbd7 10. Nc4 Qa6 11. h5 Be4 12. Rh3 Bb4 13. Bd2 Bxc3 14. bxc3 Qa4
15. f3 Bd5 16. Ne3 h6 17. Rb1 O-O-O 18. Bb5 Qa3 19. c4 Bc6 20. Bxc6 bxc6 21.
Kf2 c5 22. c3 Nb6 23. Qc2 cxd4 24. cxd4 Rxd4 25. Bc3 Rdd8 26. Rhh1 Qc5 27. Rb5
Qd6 28. Rhb1 a6 29. R5b3 Qc5 30. a4 Qd6 31. a5 Qh2+ 32. Ng2 Nxc4 33. Rb8+ Kd7
34. Qa4+ Ke7 35. Rxd8 Rxd8 36. Qxc4 Nd5 37. Bb4+ Kf6 38. Bc3+ Ke7 39. Bd4 e5
40. Bc5+ Kf6 41. Qe4 g6 42. Be3 Kg7 43. hxg6 fxg6 44. Rc1 Rd6 45. g5 hxg5 46.
Bxg5 c6 47. Re1 Re6 48. Qg4 Rd6 49. Rb1 Nf6 50. Rb7+ Kf8 51. Qc8+ Ne8 52. Be7+
1-0

[Event "NCL967 Invicta Kts-SW Dragons"]
[Site "Rd4"]
[Date "1996.11.24"]
[Round "4.4"]
[White "Morris, Charles"]
[Black "Gormally, Danny"]
[Result "0-1"]
[WhiteElo "2215"]
[BlackElo "2300"]
[PlyCount "56"]
[EventDate "1996.11.24"]
[Source "J.Saunders"]
[SourceDate "1998.06.06"]

1. c4 e5 2. Nc3 Bb4 3. g3 Bxc3 4. bxc3 d6 5. Bg2 c5 6. d3 Ne7 7. Rb1 Nbc6 8.
Bd5 Nxd5 9. cxd5 Ne7 10. e4 O-O 11. h4 f5 12. Bg5 h6 13. Bxe7 Qxe7 14. f3 c4
15. Rb2 cxd3 16. Qxd3 fxe4 17. fxe4 Bg4 18. Rhh2 Qc7 19. Qe3 Rac8 20. Rbc2 Qc4
21. Rhf2 b5 22. Nf3 Bxf3 23. Rxf3 Rxf3 24. Qxf3 Rf8 25. Qe2 Qc5 26. Qg2 Qe3+
27. Kd1 Rf3 28. Re2 Qxc3 0-1

[Event "NCL967 Invicta Kts-SW Dragons"]
[Site "Rd4"]
[Date "1996.11.24"]
[Round "4.5"]
[White "Vigus, James"]
[Black "Spice, Alan"]
[Result "0-1"]
[WhiteElo "2245"]
[BlackElo "2210"]
[PlyCount "80"]
[EventDate "1996.11.24"]
[Source "J.Saunders"]
[SourceDate "1998.06.06"]

1. c4 e6 2. Nf3 f5 3. g3 Nf6 4. Bg2 Be7 5. O-O O-O 6. d4 d6 7. Nc3 Qe8 8. Qc2
Qh5 9. e4 fxe4 10. Nxe4 e5 11. Nxf6+ Bxf6 12. d5 Bf5 13. Qb3 b6 14. Qe3 Nd7 15.
h4 h6 16. Nd2 Nc5 17. Ne4 Bxe4 18. Bxe4 Qg4 19. Re1 Bxh4 20. b4 Bg5 21. Qe2
Qxe2 22. Rxe2 Nxe4 23. Rxe4 a5 24. Bxg5 hxg5 25. b5 Rf3 26. Rc1 Kh7 27. Kg2
Raf8 28. Rc2 Rd3 29. Rg4 Kg6 30. Re4 Rff3 31. c5 bxc5 32. Ra4 Ra3 33. Rxa5 Rxa5
34. Kxf3 Rxb5 35. Rc4 Rb2 36. a4 Kf6 37. Ke3 Kf5 38. Kf3 g4+ 39. Ke3 e4 40. Rc3
Ra2 0-1

[Event "NCL967 Invicta Kts-SW Dragons"]
[Site "Rd4"]
[Date "1996.11.24"]
[Round "4.6"]
[White "Saunders, John"]
[Black "Dickenson, Neil"]
[Result "0-1"]
[WhiteElo "2240"]
[BlackElo "2300"]
[PlyCount "56"]
[EventDate "1996.11.24"]
[Source "J.Saunders"]
[SourceDate "1998.06.06"]

1. c4 g6 2. Nf3 Bg7 3. g3 e5 4. Nc3 f5 5. d3 d6 6. Bg2 Nf6 7. O-O O-O 8. Rb1 a5
9. a3 c6 10. e4 Kh8 11. b4 axb4 12. axb4 Nh5 13. Ne1 f4 14. Bf3 Qe8 15. Ng2 Bh3
16. Ne2 g5 17. Bxh5 Qxh5 18. f3 g4 19. Nexf4 exf4 20. fxg4 Bxg4 21. Qb3 Bd4+
22. Kh1 f3 23. Nf4 Rxf4 24. Bxf4 Bh3 25. Rf2 Bg2+ 26. Rxg2 fxg2+ 27. Kxg2 Qe2+
28. Kh3 Ra2 0-1

[Event "NCL967 Invicta Kts-SW Dragons"]
[Site "Rd4"]
[Date "1996.11.24"]
[Round "4.7"]
[White "Bibby, Simon"]
[Black "Dyce, Andrew"]
[Result "0-1"]
[WhiteElo "2250"]
[BlackElo "2135"]
[PlyCount "144"]
[EventDate "1996.11.24"]
[Source "J.Saunders"]
[SourceDate "1998.06.06"]

1. d4 Nf6 2. Bg5 e6 3. e4 h6 4. Bxf6 Qxf6 5. Nc3 d6 6. Qd2 Nd7 7. Nf3 a6 8.
O-O-O Qd8 9. h4 c5 10. Kb1 b5 11. dxc5 Nxc5 12. Bd3 Be7 13. g4 Qb6 14. Qe3 Rb8
15. g5 Bd7 16. e5 b4 17. Ne2 Nxd3 18. cxd3 Bc6 19. Qf4 Bxf3 20. Qxf3 dxe5 21.
Rhg1 g6 22. h5 Bxg5 23. hxg6 fxg6 24. Qe4 Kf7 25. f4 exf4 26. Nxf4 Bxf4 27.
Qxf4+ Kg7 28. Qe5+ Kh7 29. Rh1 Qb7 30. Qxe6 Rhe8 31. Qc4 Qg7 32. d4 a5 33. Rhf1
Re7 34. d5 a4 35. d6 a3 36. Rf2 Rd7 37. Qb3 axb2 38. Rxb2 Qf8 39. Qd3 Rb6 40.
Rbd2 Rbxd6 41. Qxd6 Rxd6 42. Rxd6 Qf5+ 43. Kb2 h5 44. R6d4 Qf6 45. Kb3 h4 46.
R1d3 Kh6 47. Kxb4 Qb6+ 48. Kc4 Qa6+ 49. Kb4 Qb7+ 50. Kc5 g5 51. a4 Qc8+ 52. Kb6
Kh5 53. a5 h3 54. Rd8 Qe6+ 55. Kb7 g4 56. a6 h2 57. Rd1 Qe4+ 58. Kb8 Qb4+ 59.
Ka7 g3 60. Rb8 Qc5+ 61. Ka8 Qg1 62. Rh8+ Kg4 63. Rg8+ Kf5 64. Rxg1 hxg1=Q 65.
Rxg3 Qxg3 66. a7 Ke6 67. Kb7 Kd7 68. a8=Q Qb3+ 69. Ka6 Qa4+ 70. Kb7 Qb5+ 71.
Ka7 Kc7 72. Qf3 Qa5# 0-1

[Event "NCL967 Invicta Kts-SW Dragons"]
[Site "Rd4"]
[Date "1996.11.24"]
[Round "4.8"]
[White "Dyce, Abigail"]
[Black "Gurr, Lyndon"]
[Result "0-1"]
[WhiteElo "1800"]
[BlackElo "2048"]
[PlyCount "90"]
[EventDate "1996.11.24"]
[Source "J.Saunders"]
[SourceDate "1998.06.06"]

1. d4 Nf6 2. Nf3 c5 3. c3 d5 4. Bg5 Nc6 5. e3 Bg4 6. Be2 e6 7. Nbd2 cxd4 8.
exd4 Bd6 9. O-O O-O 10. Re1 Qc7 11. h3 Bh5 12. Ne5 Bxe2 13. Qxe2 Nd7 14. Nxc6
bxc6 15. Qg4 Kh8 16. c4 f6 17. Bh4 e5 18. cxd5 cxd5 19. Rac1 Qb7 20. Nb3 f5 21.
Qe2 e4 22. f3 Rac8 23. fxe4 fxe4 24. Rf1 Rxf1+ 25. Rxf1 Nb6 26. Qh5 Kg8 27. Qf5
Qd7 28. Qf2 Nc4 29. Qf5 Qxf5 30. Rxf5 Ne3 31. Rf2 Rc4 32. Bg5 Nc2 33. Rf5 e3
34. Kf1 Bg3 35. Ke2 Bf2 36. Rxd5 h6 37. Bf4 Kh7 38. Rc5 Nxd4+ 39. Nxd4 Rxc5 40.
Bxe3 Bxe3 41. Kxe3 Kg6 42. a4 Kf6 43. b3 Rc3+ 44. Kf4 g5+ 45. Kg4 Kg6 0-1